| 000 | 01056nam a22002777a 4500 | ||
|---|---|---|---|
| 005 | 20170123162314.0 | ||
| 010 | _aB-123638 | ||
| 020 | _c300.00 | ||
| 035 | _aB-123638 | ||
| 037 | _bCen Lib/Ret | ||
| 040 |
_aDPL _bUR |
||
| 082 |
_a840.92 _bح و س |
||
| 245 |
_aیادگار نامہ : _cمرتبین نظیر احمد، شریف حسین قاسمی [اور] شاہد مہیل _bیوسف حسین خان / |
||
| 246 |
_aYadgar nama Yusuf Husian Khan / _bedited by nazeer Ahmad, SHareef Hausian Qasmi [and] SHahid Mahil |
||
| 260 |
_aنیی دہلی _bغالب انسٹیٹیوٹ _c2004 |
||
| 270 |
_aہوانے غالب مارگ _bنیی دہلی |
||
| 300 |
_a300p. _c23cm(Hb) |
||
| 650 |
_aاردو ادب _9113398 |
||
| 650 |
_aاردو سوانح عمری _9113399 |
||
| 650 |
_aUrdu literature _9113400 |
||
| 650 |
_aUrdu biography _9511 |
||
| 700 |
_a نظیر احمد _9113401 |
||
| 700 |
_aشریف حسین قاسمی _9534 |
||
| 700 |
_aشاہد مہیل _9113402 |
||
| 942 |
_2ddc _cUR _h840.92 _mح و س |
||
| 999 |
_c106570 _d106570 |
||